De institutione bene beatéque vivendi libri sex, ad normam vitae sanctorum utriusque testamenti feliciter digesti

Detalles Bibliográficos
Autor principal: Marulic, Marko, 1450-1524
Formato: Libro
Lenguaje:Latin
Publicado: Salingiagi : Ioannes Soter excudebat, 1540.
Materias:
Colección:Banco de datos
Acervo:Universidad Autónoma Benito Juárez de Oaxaca. Biblioteca Francisco de Burgoa. Colección antigua
Descripción Física:[28] h., 863 p., [1] h. ; 8°
Tema general:Teología moral
Notas:Portada tipográfica con viñeta en grabado xilográfico.Texto a renglón seguido con paginación en números arábigos, apostillas marginales y signaturas. Incluye capitular con motivos arabescos en grabado xilográfico. Encuadernación en pergamino. Marca de fuego: Casa del Noviciado de la Compañía de Jesús de Oaxaca, Oax. Marca de fuego: Convento de Santo Domingo de Oaxaca, Oax. Ex libris manuscrito en la portada: "Attinet ad Conventum Sto. Dominici de Oaxaca". Libro expurgado. Daños por humedad. Daños en la encuadernación, falta pergamino en la tapa inferior
LEADER 01356nam a22001810004500
035 |a 1860 
041 0 |a lat 
100 1 |a Marulic, Marko, 1450-1524 
245 1 0 |a De institutione bene beatéque vivendi libri sex, ad normam vitae sanctorum utriusque testamenti feliciter digesti 
260 |a Salingiagi : Ioannes Soter excudebat, 1540. 
300 |a [28] h., 863 p., [1] h. ; 8° 
500 |a Portada tipográfica con viñeta en grabado xilográfico.Texto a renglón seguido con paginación en números arábigos, apostillas marginales y signaturas. Incluye capitular con motivos arabescos en grabado xilográfico. Encuadernación en pergamino. Marca de fuego: Casa del Noviciado de la Compañía de Jesús de Oaxaca, Oax. Marca de fuego: Convento de Santo Domingo de Oaxaca, Oax. Ex libris manuscrito en la portada: "Attinet ad Conventum Sto. Dominici de Oaxaca". Libro expurgado. Daños por humedad. Daños en la encuadernación, falta pergamino en la tapa inferior 
504 |a Al principio de la obra están el índice de capítulos y el índice de obras 
650 1 0 |a Teología moral 
852 |a Universidad Autónoma "Benito Juárez" de Oaxaca, Biblioteca Francisco de Burgoa, Colección antigua 4838 
942 |c BURANT 
943 |g Universidad Autónoma Benito Juárez de Oaxaca. Biblioteca Francisco de Burgoa. Colección antigua 
999 |c 1112871  |d 1112871